Statistics for Most Common Words In English Starting With O

Click here to take the quiz!

General Stats

  • This quiz has been taken 2,262 times
  • The average score is 41 of 81

Answer Stats

Word% Correct
on
99%
or
98%
of
97%
off
95%
over
91%
out
86%
offer
83%
one
81%
old
80%
odd
79%
other
79%
own
79%
open
78%
order
77%
oil
73%
our
67%
office
66%
onto
66%
owe
66%
ok
65%
once
65%
owner
65%
only
64%
occur
63%
often
60%
oh
59%
official
58%
operation
57%
obvious
53%
operate
53%
opposite
53%
origin
53%
officer
52%
original
52%
oven
52%
okay
51%
occasion
50%
opening
49%
oppose
49%
orange
49%
opportunity
48%
obtain
47%
outside
47%
otherwise
46%
object
45%
observe
45%
obviously
45%
opinion
45%
opposition
45%
organize
45%
offensive
43%
occasionally
42%
organization
42%
occupation
41%
offense
41%
option
40%
ordinary
40%
obligation
39%
occupy
39%
onion
39%
observation
37%
ocean
37%
originally
37%
ourselves
37%
operator
36%
overall
36%
organic
34%
others
34%
objective
33%
ongoing
33%
operating
33%
observer
21%
overcome
21%
odds
20%
online
20%
opponent
20%
outcome
19%
ought
16%
overlook
13%
Olympic
10%
orientation
10%

Score Distribution

Percentile by Number Answered

Percent of People with Each Score

Your Score History

You have not taken this quiz